MARC

LEADER 00000nab a2200000 4500
001 vtls012084948
003 SK-MaSNL
005 20260318124004.0
008 220126c2020 xo er|n || ||00 c0ukr
015 |a SNBRB2022/01 
038 |a SVKPOCL 
040 |a SVKPOCL  |b slo  |c SVKPOCL  |e rda 
041 0 |a ukr 
043 |a e-xo--- 
044 |a xo  |c SK 
072 7 |a 338.3/.4  |x Hospodárske a výrobné odvetvia  |2 konspekt 
072 7 |a 352/354  |x Stupne miestnej, oblastnej a ústrednej správy  |2 konspekt 
072 7 |a 336.1/.5  |x Verejné financie  |2 konspekt 
080 |a 338.48  |2 2011 
080 |a 338.486.6  |2 2011  
080 |a 353.2  |2 2011 
080 |a 336.143  |2 2011 
080 |a 336.7  |2 2011 
080 |a (437.6)  |2 2011 
100 1 |a Medviď, Peter,  |d 1981-  |4 aut  |9 268505 
245 1 0 |a Medžilabirci z istorično najvekšŷm rozrachunkom chot'at' investovaty i do turistikŷ  |c [autor] -pem- 
246 3 3 |a Medžilabirci z istorično najvekšўm rozrachunkom chot'at' investovaty i do turistikў 
300 |b Fotografie 
336 |a text  |b txt  |2 rdacontent 
337 |a bez média  |b n  |2 rdamedia 
338 |a zväzok  |b nc  |2 rdacarrier 
500 |a V rubrike Z domova 
500 |a Odkrytie akronymu je s autorovým súhlasom 
600 1 7 |a Pellegrini, Peter,  |d 1975-  |2 SNKMA  |9 192389 
600 1 7 |a Majerský, Milan,  |d 1971-  |2 svkpocl  |9 690520 
600 1 7 |a Višňovský, Vladislav,  |d 1972-  |2 svkpocl  |9 1325430 
610 2 7 |a Prešovský samosprávny kraj (Slovensko)  |2 SNKKA  |9 306008 
648 7 |a 30.12.2019  |2 svkpocl  |9 1339032 
648 7 |a 2020  |2 svkpocl  |9 340435 
650 0 7 |a programy a projekty  |2 SNKPH  |9 82765 
650 0 7 |a samosprávne kraje  |2 SNKPH  |9 58408 
650 0 7 |a projekty  |2 SNKPH  |9 18866 
650 0 7 |a financovanie  |2 SNKPH  |9 16004 
650 0 7 |a cezhraničná spolupráca  |2 SNKPH  |9 4908 
650 0 7 |a medzinárodná spolupráca  |2 svkpocl  |9 4911 
650 0 7 |a cestovný ruch  |2 SNKPH  |9 999 
650 0 7 |a regionálny rozvoj  |2 SNKPH  |9 2352 
650 0 7 |a Program Interreg V-A Poľsko - Slovensko 2014 - 2020 (dotačný program)  |2 svkpocl  |9 1324840 
651 7 |a Poľsko  |2 SNKPHgeo  |9 16755 
651 7 |a Slovensko  |2 SNKPHgeo  |9 14231 
651 7 |a Medzilaborce (Slovensko)  |2 SNKPHgeo  |9 22171 
773 0 |t NN info Rusyn  |g Roč. XVII (29), č. 1-2 (2020), s. 13  |x 2454-0013 
852 |a SVKPO  |b KIS3GCP 
958 |a RN 
958 |a SS 
958 |a SK 
958 |a PL 
958 |a NM 
999 |c 2717607  |d 2719537